Normal view
MARC view
- Architectural ironwork
Entry Topical Term
001 - CONTROL NUMBER
- control field: 43993
003 - CONTROL NUMBER IDENTIFIER
- control field: NUST
005 - DATE AND TIME OF LATEST TRANSACTION
- control field: 20210314132841.0
008 - FIXED-LENGTH DATA ELEMENTS
- fixed length control field: 210314|| aca||aabn | a|a d
040 ## - CATALOGING SOURCE
- Original cataloging agency: NUST
- Transcribing agency: NUST
150 ## - HEADING--TOPICAL TERM
- Topical term or geographic name entry element: Architectural ironwork
670 ## - SOURCE DATA FOUND
- Source citation: Work cat.: (NUST): Walter MacFarlane & Co. 43992, Illustrated catalogue of Macfarlane's castings /, c1992.
